000 00348nam a2200145Ia 4500
008 240624s9999 xx 000 0 und d
041 _aeng
082 _a150 CAS
100 _aCASH ADAM
245 _aPSYCHOLOGY FOR DUMMIES
250 _a(2nd ed.)
260 _c2013
_aNew Delhi
_bWiley
300 _axii, : 370 : p. : cm. ; 23
365 _cRS
_b31
999 _c23057
_d23057